000 00835nmm a2200265 a 4500
001 ocm0001256925
003 TR-IsHL
005 20201028160700.0
008 160715s2015 tu tur
007 cr cn
020 _a9786054447855
035 _a1256925
_b(N$T)
050 0 4 _aPL314.E37
_bE8 2015
090 0 4 _aPL314.E37
_bE8 2015
100 1 _aZeynalov, Eyvaz
245 1 0 _aEski bisiklet
_h[electronic resource] /
_cEyvaz Zeynalov
260 _aİstanbul :
_bFerfir Yayınları,
_c2015
300 _a159 p.
650 4 _aDil ve Edebiyat
650 4 _aLanguage and Literature
650 0 _aÖyküler, Azeri
650 0 _aShort stories, Azerbaijan
650 7 _aLITERARY COLLECTIONS / Middle Eastern
_2bisacsh
856 4 0 _uhttp://search.ebscohost.com/login.aspx?direct=true&scope=site&db=e011xww&AN=1256925
999 _c13730
_d13730